| 000 | 01089nam a22002297a 4500 | ||
|---|---|---|---|
| 003 | OSt | ||
| 005 | 20260122195106.0 | ||
| 008 | 230409b ||||| |||| 00| 0 eng d | ||
| 040 | _cSSBUL | ||
| 041 | _ashan | ||
| 082 |
_a294.3657 _223 |
||
| 245 |
_aမၢႆၵိုမ်းပီၵွၼ်းငိုၼ်းဝတ်ႉသီႇရိမင်ႇၵလႃႇသၢႆၶိူဝ်းဝဵင်းမိူင်းၵုတ်ႈ။ _cၸဝ်ႈသြႃႇၼၼ်ႇတဝမ်ႇသ ၶပ်းၶိုင်- |
||
| 260 |
_aတႃႈၵုင်း၊ _bဢေး၊ _c2002 |
||
| 300 |
_aၵ၊ 164 ၼႃႈ၊ _bႁၢင်ႈ၊ _c21 ၸိၼ်ႇထီႇ |
||
| 500 | _aပပ်ႉၸဝ်ႈတႃႇၼႁင်းၶေႃ တွၵ်ႉတိူဝ်ႇၸၢႆးဢွင်ႇထုၼ်း။ | ||
| 500 | _aS-SAT: Dr. Prof Sai Aung Tun | ||
| 650 |
_aဝတ်ႉမင်ႇၵလႃႇသၢႆၶိူဝ်းဝဵင်းမိူင်းၵုတ်ႈ _922845 |
||
| 942 | _cBK1 | ||
| 942 | _2ddc | ||
| 942 | _2ddc | ||
| 942 | _2ddc | ||
| 999 |
_c23813 _d23813 |
||